000 01560cam a2200397 a 4500
999 _c4283
_d4283
001 867582
003 OSt
005 20250204170251.0
008 200406s2011 enka b 001 0 eng d
020 _a9780007433100
_q(paperback) :
_cNT$95
020 _a9780007947164
_q(20 vols. of set ;
_qpaperback) :
_cNT$1895
040 _aTWTCL
_beng
_cTWTCL
_eaacr
041 0 _aeng
042 _anbic
082 0 _a551.6
_bR114
100 1 _aRabe, Tish.
245 1 0 _aOh say can you say what's the weather today? /
_cby Tish Rabe ; illustrated by Aristides Ruiz.
246 1 _iSubtitle on cover :
_aAll about weather.
264 1 _aLondon :
_bHarperCollins Children's Books,
_c2011.
300 _a45 pages :
_bcolor illustrations ;
_c23 cm.
336 _atext
_btxt
_2rdacontent.
337 _aunmediated
_bn
_2rdamedia.
338 _avolume
_bnc
_2rdacarrier.
490 1 _aThe Cat in the Hat's learning library.
500 _aBased on the characters created by Dr Seuss.
500 _aIncludes index.
520 0 _aWhere the sunshine is showing, where warm winds are blowing, where lightning is flashing, where snowflakes are snowing. The weather is changing. Come on. Let's get going. Join the Cat in the Hat as he introduces beginning readers to the weather.
521 _a4-8.
600 0 0 _aCat in the Hat
_c(Fictitious character)
_vJuvenile literature.
650 0 _aWeather
_xJuvenile literature.
653 _aKF.
700 1 _aRuiz, Aristides.
700 1 _aSeuss,
_cDr.
830 0 _aCat in the Hat's learning library.
942 _2ddc
_cNFIC